Central Library OPAC University of Rajshahi

কলকাতায় আমি ও আমার থিয়েটার / (Record no. 65199)

MARC details
000 -LEADER
fixed length control field 01248nam a22002537a 4500
001 - CONTROL NUMBER
control field 65199
003 - CONTROL NUMBER IDENTIFIER
rucl marc code BD-RjUL
005 - DATE AND TIME OF LATEST TRANSACTION
control field 20211209081409.0
008 - FIXED-LENGTH DATA ELEMENTS--GENERAL INFORMATION
fixed length control field 170301s1998 ii a|||| |||| 00| 0 ben d
020 ## - INTERNATIONAL STANDARD BOOK NUMBER
Terms of availability : IRs. 40.00
035 ## - SYSTEM CONTROL NUMBER
System control number (BD-RjUL)65329
040 ## - CATALOGING SOURCE
Original cataloging agency BD-RjUL
Language of cataloging ben
Transcribing agency BD-RjUL
Modifying agency BD-RjUL
041 ## - LANGUAGE CODE
Language code of text/sound track or separate title ben
082 ## - DEWEY DECIMAL CLASSIFICATION NUMBER
Edition number 23
Classification number B 891.442092
Author mark and year GEK 1998
100 1# - MAIN ENTRY--PERSONAL NAME
Personal name লেবেদেফ, গেরাসিম স্তেপানোভিচ
9 (RLIN) 193066
245 ## - TITLE STATEMENT
Title কলকাতায় আমি ও আমার থিয়েটার /
Statement of responsibility, etc. গেরাসিম স্তেপানোভিচ লেবেদেফ ; সংগ্রহ ও সম্পাদনা তন্দ্রা চক্রবর্তী
250 ## - EDITION STATEMENT
Edition statement ২য় সং
260 ## - PUBLICATION, DISTRIBUTION, ETC. (IMPRINT)
Place of publication, distribution, etc. কলিকাতা :
Name of publisher, distributor, etc. নাট্যচিন্তা;
Date of publication, distribution, etc. ১৯৯৮
300 ## - PHYSICAL DESCRIPTION
Pagination ৯৫ পৃ. :
Illustrations চিত্র ;
Size ২২ সেমি.
600 ## - SUBJECT ADDED ENTRY--PERSONAL NAME
Personal name লেবেদেফ, গেরাসিম স্তেপানোভিচ
Dates associated with a name ১৭৪৯-১৮১৭
General subdivision জ়ীবনী
Personal name Lebedepha, gerasima stepanobhica
Dates associated with a name 1749-1817
General subdivision Biography
700 ## - ADDED ENTRY--PERSONAL NAME
Personal name চক্রবর্তী, তন্দ্রা
942 ## - ADDED ENTRY ELEMENTS (KOHA)
Source of classification or shelving scheme Dewey Decimal Classification
Koha item type Books
Holdings
Lost status Source of classification or shelving scheme Damaged status Not for loan Collection code Permanent Location Current Location Shelving location Date acquired Source of acquisition Cost, normal purchase price Total Checkouts Full call number Date last seen Copy number Koha item type
  Dewey Decimal Classification   Not For Loan Non-fiction Central Library, University of Rajshahi Central Library, University of Rajshahi Reading Room 18/07/2006 Paragogn Enterprise, Dhaka 40.00   B 891.442092 GEK 1998 01/03/2017 C-1 Books